Mi palabra: Hipólito Mejía (Registro nro. 2915)

Detalles MARC
000 -LEADER
fixed length control field 00519nam a22002051a 4500
001 - CONTROL NUMBER
control field 2915
003 - CONTROL NUMBER IDENTIFIER
control field OSt
005 - DATE AND TIME OF LATEST TRANSACTION
control field 20260204211831.0
008 - FIXED-LENGTH DATA ELEMENTS--GENERAL INFORMATION
fixed length control field 040429s2002||||dr ||||||b||||||||||spa||
020 ## - NUMERO DE LIBRO INTERNACIONAL NORMALIZADO
International Standard Book Number 9993489409
050 ## - LIBRARY OF CONGRESS CALL NUMBER
Classification number RD 920 M479p
082 ## - DEWEY DECIMAL CLASSIFICATION NUMBER
Classification number RD 920 M479p
100 ## - ASIENTO PRINCIPAL -- NOMBRE PERSONAL
Personal name Mejía, Hipólito
245 ## - TÍTULO PROPIAMENTE DICHO: SUBTÍTULO
Title Mi palabra: Hipólito Mejía
264 ## - PRODUCTION, PUBLICATION, DISTRIBUTION, MANUFACTURE, AND COPYRIGHT NOTICE
Place of production, publication, distribution, manufacture Santo Domingo : Presidencia de la República
300 ## - PHYSICAL DESCRIPTION
Extensión 645 p.
500 ## - GENERAL NOTE
General note Incluye indice
650 ## - ASIENTO SECUNDARIO DE MATERIA -- TERMINO TEMÁTICO
Termino Temático Como Elemento de Entrada 1.Hipólito Mejía - MemoriasÌ
942 ## - ADDED ENTRY ELEMENTS (KOHA)
Source of classification or shelving scheme Dewey Decimal Classification
Koha item type Libros
Existencias
Withdrawn status Lost status Source of classification or shelving scheme Damaged status Not for loan Current library Date acquired Total Checkouts Full call number Barcode Date last seen Price effective from Koha item type
    Dewey Decimal Classification     Biblioteca UTECO 09/09/2019   RD 920 M479P 006887 09/09/2019 09/09/2019 Libros
© 2021 Derechos Reservados UTECO - Teléfono: +1 809-585-2291 - Correo electrónico: biblioteca@uteco.edu.do​  
Código postal 43000 ​​
Dirección: Avenida Universitaria No. 100, 
Cotuí, Provincia Sánchez Ramírez, República Dominicana - RNC: 404-00059-6